El espacio cultural latinoamericano: bases para una política cultural de integración
Kaydedildi:
| Yazar: | |
|---|---|
| Materyal Türü: | Kitap |
| Dil: | İspanyolca |
| Baskı/Yayın Bilgisi: |
Santiago
Fondo de Cultura Económica Chile
2003
|
| Seri Bilgileri: | Colección Popular
|
| Konular: | |
| Etiketler: |
Etiketle
Etiket eklenmemiş, İlk siz ekleyin!
|
MARC
| LEADER | 00000nam a2200000 a 4500 | ||
|---|---|---|---|
| 001 | UCL5844 | ||
| 003 | CL-VaPUC | ||
| 008 | 040319e20030000CL |||||||||||||||||spa|d | ||
| 020 | |a 956289035X | ||
| 082 | 0 | 4 | |a 306 |b GAR |2 21 |
| 100 | |a Garretón Merino, Manuel Antonio |e autor |9 617177 | ||
| 245 | 1 | 3 | |a El espacio cultural latinoamericano: bases para una política cultural de integración |
| 300 | |a 328 p | ||
| 942 | |c BK | ||
| 945 | |d 20040319 00:00:00 |a cmena | ||
| 260 | |a Santiago |b Fondo de Cultura Económica Chile |c 2003 | ||
| 650 | 7 | |a ESPACIO CULTURAL |2 CL-VaPUC |9 483544 | |
| 650 | 0 | |a Identidad cultural |9 319131 | |
| 650 | 0 | |a Integración social |9 319662 | |
| 650 | 0 | |a Desarrollo cultural |9 267526 | |
| 651 | 0 | |a América Latina |9 255027 | |
| 583 | |a last modification |c 20040319 00:00:00 |k Rodrigo Vera | ||
| 490 | 0 | |a Colección Popular | |
| 999 | |c 308227 |d 308225 | ||
| 952 | |0 0 |1 0 |4 0 |6 306_000000000000000_GAR_2003 |7 0 |8 A |9 374565 |a BIBHIS |b BIBHIS |d 2019-11-21 |i 3996875 |o 306 GAR 2003 |p 3996875 |r 2025-01-20 |w 2019-11-21 |y BK |k HIS | ||
| 952 | |0 0 |1 0 |4 0 |6 306_000000000000000_GAR_2003 |7 0 |8 A |9 374566 |a BIBGIM |b BIBGIM |d 2019-11-21 |i 4073088 |o 306 GAR 2003 |p 4073088 |r 2025-01-15 |w 2019-11-21 |y BK |k SSL | ||
| 952 | |0 0 |1 0 |4 0 |6 306_000000000000000_GAR_2003 |7 0 |8 A |9 374567 |a BIBCUR |b BIBCUR |d 2019-11-21 |i 4192737 |o 306 GAR 2003 |p 4192737 |r 2025-04-22 |w 2019-11-21 |y BK |k PER | ||
| 952 | |0 0 |1 0 |4 0 |6 306_000000000000000_GAR_2003 |7 0 |8 A |9 374568 |a BIBHIS |b BIBHIS |d 2019-11-21 |i 4521625 |l 1 |o 306 GAR 2003 |p 4521625 |r 2025-01-20 |s 2024-10-29 |w 2019-11-21 |y BK |k HIS | ||